Moving on (Record no. 78658)

MARC details
000 -LEADER
fixed length control field 00865nam a2200181 a 4500
008 - FIXED-LENGTH DATA ELEMENTS--GENERAL INFORMATION
fixed length control field 120416s0000 ||||||||||||||||| || u
020 ## - INTERNATIONAL STANDARD BOOK NUMBER
International Standard Book Number 8175330236
050 ## - LIBRARY OF CONGRESS CALL NUMBER
Classification number HX 546 Mov
100 ## - MAIN ENTRY--PERSONAL NAME
Personal name Gupta, Vikay Kumar
245 10 - TITLE STATEMENT
Title Moving on
Statement of responsibility, etc. edited by Man Singh Das
246 ## -
-- women and society
260 ## - PUBLICATION, DISTRIBUTION, ETC.
Place of publication, distribution, etc. New Delhi
Name of publisher, distributor, etc. MD Publishers
Date of publication, distribution, etc. 1996
350 ## -
-- 0.00
700 ## - ADDED ENTRY--PERSONAL NAME
Personal name Das, Man Singh
995 ## -
-- ANNEX COLLECTION (Main Library)
-- 0.00
-- 732900
-- CBU-MAIN LIBRARY (Kitwe)
-- 3
-- 30.00
-- HX 546 Mov
-- 3
-- AVAILABLE
-- 029844
-- Annex Low-Usage Collection
995 ## -
-- MAIN LIBRARY OPEN ACCESS
-- 0.00
-- 732898
-- CBU-MAIN LIBRARY (Kitwe)
-- 1
-- 30.00
-- HX 546 Mov
-- 1
-- AVAILABLE
-- 029842
-- Main Library Open Access Collection
995 ## -
-- ANNEX COLLECTION (Main Library)
-- 0.00
-- 732899
-- CBU-MAIN LIBRARY (Kitwe)
-- 2
-- 30.00
-- HX 546 Mov
-- 2
-- AVAILABLE
-- 029843
-- Annex Low-Usage Collection
999 ## -
-- 78658
-- 78658
Holdings
Withdrawn status Lost status Source of classification or shelving scheme Damaged status Not for loan Permanent Location Current Location Shelving location Date acquired Total Checkouts Full call number Barcode Date last seen Copy number Price effective from Koha item type
          CBU-MAIN LIBRARY, KITWE. CBU-MAIN LIBRARY, KITWE.   06/06/2023   HX 546 Mov 029844 06/06/2023 1 06/06/2023 MONOGRAPH
          CBU-MAIN LIBRARY, KITWE. CBU-MAIN LIBRARY, KITWE.   06/06/2023   HX 546 Mov 029842 06/06/2023 2 06/06/2023 MONOGRAPH
          CBU-MAIN LIBRARY, KITWE. CBU-MAIN LIBRARY, KITWE.   06/06/2023   HX 546 Mov 029843 06/06/2023 3 06/06/2023 MONOGRAPH